| 000 | 00416nam a22001697a 4500 | ||
|---|---|---|---|
| 005 | 20180703114720.0 | ||
| 008 | 160615b xxu||||| |||| 00| 0 eng d | ||
| 020 | _a0-07-46570-0 | ||
| 041 | _aeng | ||
| 082 |
_b7778 _a658.0072 |
||
| 100 |
_aCooper, Donald R & Schindler, Pamela S. _94432 |
||
| 245 | _aBusiness Research Methods | ||
| 260 |
_bTMH _c1999 |
||
| 300 | _a692 | ||
| 650 |
_aManagement _9241 |
||
| 942 | _cBK | ||
| 999 |
_c2787 _d2786 |
||